Statistics for Visual Memory Test - US States on a Map

Click here to take the quiz!

General Stats

  • This quiz has been taken 2,124 times
  • The average score is 8 of 10

Answers on the Map

Answers color-coded by a green-red scale on the quiz's map according to % correct below.
 

Answer Stats

State% Correct
California
99%
Washington
99%
Texas
98%
Alaska
95%
Arizona
92%
Florida
89%
Nevada
89%
Michigan
88%
North Dakota
88%
Montana
87%
New York
87%
Utah
87%
Oregon
85%
South Dakota
85%
Idaho
84%
Nebraska
84%
Minnesota
83%
Vermont
83%
Maine
82%
Kansas
81%
Massachusetts
81%
Colorado
80%
Maryland
80%
New Hampshire
80%
New Mexico
80%
Louisiana
79%
Illinois
78%
Ohio
78%
Kentucky
77%
Oklahoma
77%
West Virginia
77%
Connecticut
76%
Virginia
76%
Alabama
75%
Arkansas
75%
Indiana
75%
Missouri
75%
Tennessee
75%
Delaware
74%
Iowa
74%
South Carolina
74%
New Jersey
73%
Pennsylvania
73%
Mississippi
72%
Wyoming
72%
North Carolina
71%
Wisconsin
71%
Georgia
70%
Hawaii
62%
Rhode Island
62%

Score Distribution

Percentile by Number Answered

Percent of People with Each Score

Your Score History

You have not taken this quiz